Best Countries that did not Qualify for the 2022 FIFA World Cup - Statistics

General Stats
  • This quiz has been taken 4,829 times
    4,708 since last reset
  • The average score is 12 of 20
Answer Stats
FIFA Rank Country % Correct
7 Italy
98%
20 Sweden
75%
36 Norway
73%
35 Russia
72%
17 Colombia
71%
29 Chile
69%
40 Egypt
67%
27 Ukraine
65%
21 Peru
62%
47 Ireland
60%
33 Austria
57%
48 Greece
57%
45 Scotland
57%
42 Turkey
55%
41 Algeria
52%
31 Nigeria
52%
50 Paraguay
52%
32 Czech Republic
48%
37 Hungary
48%
46 Mali
15%
No matching quizzes found
Score Distribution
Percent of People with Each Score
Percentile by Number Answered
Your Score History
You have not taken this quiz since the last reset